<?xml version="1.0" encoding="UTF-8"?>
<record
    xmlns:xsi="http://www.w3.org/2001/XMLSchema-instance"
    xsi:schemaLocation="http://www.loc.gov/MARC21/slim http://www.loc.gov/standards/marcxml/schema/MARC21slim.xsd"
    xmlns="http://www.loc.gov/MARC21/slim">

  <leader>00457nam a22001577a 4500</leader>
  <controlfield tag="005">20251120160815.0</controlfield>
  <controlfield tag="008">251120b        |||||||| |||| 00| 0 eng d</controlfield>
  <datafield tag="020" ind1=" " ind2=" ">
    <subfield code="a">979-8-88715-00-62</subfield>
  </datafield>
  <datafield tag="100" ind1=" " ind2=" ">
    <subfield code="a">JAMES, ROBERT S.</subfield>
  </datafield>
  <datafield tag="245" ind1=" " ind2=" ">
    <subfield code="a">CROP DISEASE MANAGEMENT: PRINCIPLES AND PRACTICES</subfield>
  </datafield>
  <datafield tag="260" ind1=" " ind2=" ">
    <subfield code="a">DUBLIN, OH </subfield>
    <subfield code="b">ORYSON PRESS</subfield>
    <subfield code="c">2023</subfield>
  </datafield>
  <datafield tag="300" ind1=" " ind2=" ">
    <subfield code="a">XII, 278P.</subfield>
  </datafield>
  <datafield tag="500" ind1=" " ind2=" ">
    <subfield code="a">INCLUDES INDEX</subfield>
  </datafield>
  <datafield tag="650" ind1=" " ind2=" ">
    <subfield code="a">I. PLANT DISEASES. II. PLANT PATHOLOGY</subfield>
  </datafield>
  <datafield tag="942" ind1=" " ind2=" ">
    <subfield code="2">lcc</subfield>
    <subfield code="c">BK</subfield>
  </datafield>
  <datafield tag="999" ind1=" " ind2=" ">
    <subfield code="c">216239</subfield>
    <subfield code="d">216239</subfield>
  </datafield>
  <datafield tag="952" ind1=" " ind2=" ">
    <subfield code="0">0</subfield>
    <subfield code="1">0</subfield>
    <subfield code="2">lcc</subfield>
    <subfield code="4">0</subfield>
    <subfield code="6">SB0732 J36  02023</subfield>
    <subfield code="7">0</subfield>
    <subfield code="8">SCT</subfield>
    <subfield code="9">373522</subfield>
    <subfield code="a">KSUL</subfield>
    <subfield code="b">KSUL</subfield>
    <subfield code="d">2025-11-20</subfield>
    <subfield code="i">109922</subfield>
    <subfield code="l">0</subfield>
    <subfield code="o">SB 732 .J36 2023</subfield>
    <subfield code="p">000000000943</subfield>
    <subfield code="r">2025-11-20 16:09:46</subfield>
    <subfield code="t">1</subfield>
    <subfield code="w">2025-11-20</subfield>
    <subfield code="y">BK</subfield>
  </datafield>
  <datafield tag="952" ind1=" " ind2=" ">
    <subfield code="0">0</subfield>
    <subfield code="1">0</subfield>
    <subfield code="2">lcc</subfield>
    <subfield code="4">0</subfield>
    <subfield code="6">SB0732 J36  02023</subfield>
    <subfield code="7">0</subfield>
    <subfield code="8">SCT</subfield>
    <subfield code="9">373523</subfield>
    <subfield code="a">KSUL</subfield>
    <subfield code="b">KSUL</subfield>
    <subfield code="d">2025-11-20</subfield>
    <subfield code="i">109923</subfield>
    <subfield code="l">0</subfield>
    <subfield code="o">SB 732 .J36 2023</subfield>
    <subfield code="p">000000000944</subfield>
    <subfield code="r">2025-11-20 16:09:00</subfield>
    <subfield code="t">2</subfield>
    <subfield code="w">2025-11-20</subfield>
    <subfield code="y">BK</subfield>
  </datafield>
  <datafield tag="952" ind1=" " ind2=" ">
    <subfield code="0">0</subfield>
    <subfield code="1">0</subfield>
    <subfield code="2">lcc</subfield>
    <subfield code="4">0</subfield>
    <subfield code="6">SB0732 J36  02023</subfield>
    <subfield code="7">0</subfield>
    <subfield code="8">SCT</subfield>
    <subfield code="9">373524</subfield>
    <subfield code="a">KSUL</subfield>
    <subfield code="b">KSUL</subfield>
    <subfield code="d">2025-11-20</subfield>
    <subfield code="i">109924</subfield>
    <subfield code="l">0</subfield>
    <subfield code="o">SB 732 .J36 2023</subfield>
    <subfield code="p">000000000945</subfield>
    <subfield code="r">2025-11-20 16:09:00</subfield>
    <subfield code="t">3</subfield>
    <subfield code="w">2025-11-20</subfield>
    <subfield code="y">BK</subfield>
  </datafield>
  <datafield tag="952" ind1=" " ind2=" ">
    <subfield code="0">0</subfield>
    <subfield code="1">0</subfield>
    <subfield code="2">lcc</subfield>
    <subfield code="4">0</subfield>
    <subfield code="6">SB0732 J36  02023</subfield>
    <subfield code="7">0</subfield>
    <subfield code="8">SCT</subfield>
    <subfield code="9">373525</subfield>
    <subfield code="a">KSUL</subfield>
    <subfield code="b">KSUL</subfield>
    <subfield code="d">2025-11-20</subfield>
    <subfield code="i">109925</subfield>
    <subfield code="l">0</subfield>
    <subfield code="o">SB 732 .J36 2023</subfield>
    <subfield code="p">000000000947</subfield>
    <subfield code="r">2025-11-20 16:09:00</subfield>
    <subfield code="t">4</subfield>
    <subfield code="w">2025-11-20</subfield>
    <subfield code="y">BK</subfield>
  </datafield>
</record>
